000 00469nam a2200181 i 4500
001 150539
003 ES-MaACL
005 20231223063106.0
007 t|
008 071031s1962 sp ||||1| spa d
080 _a821.134.2-31"18"
100 1 _aValera, Juan,
_d1824-1905
_9112638
245 1 0 _aPepita Jiménez /
_cJuan Valera.
260 _aBarcelona :
_bVergara,
_c[1962]
300 _a253 p. ;
_c19 cm.
852 _aES-MaACL
_jC-22095
999 _c150539
_d150539